Totenglauben und Menschenbild im alten Ägypten /

Saved in:

Main Author: Assmann, Jan (Author)

Format: Book

Language: German

Published: Leipzig : Ägyptisches Museum, 2001.

Series: Siegfried-Morenz-Gedachtnis-Vorlesung ; 12.

Subjects:

Tags: Add Tag

No Tags, Be the first to tag this record!

Call Number: DT59 .L35 S35 v.12

LEADER 00973namaa2200301 4500
001 24023
003 OSt
005 20250618094657.0
008 130303s2001 gw a b 000 0 ger d
020 |a 3934178162 
040 |c ARCE Library 
043 |a f-ua---  
050 4 |a DT59 .L35 S35 v.12  |b   
100 1 |a Assmann, Jan,   |e author 
245 1 0 |a Totenglauben und Menschenbild im alten Ägypten /   |c Jan Assmann.  
264 1 |a Leipzig :   |b Ägyptisches Museum,   |c 2001.  
300 |a 31 pages :   |b illustrations ;   |c 15 x 21 cm.  
490 1 |a Siegfried-Morenz-Gedachtnis-Vorlesung ;   |v 12. 
504 |a Includes bibliographical references.  
650 0 |a Hieroglyphics  |z Egypt  |v Pictorial works.  
650 0 |a Art, Egyptian   |x Religious aspects. 
650 0 |a Eschatology, Egyptian. 
651 0 |a Egypt   |x Religion. 
651 0 |a Egypt   |x Antiquities. 
830 0 |a Siegfried-Morenz-Gedachtnis-Vorlesung ;   |v 12. 
901 |a reviewed 
942 |c BK  |2 lcc 
999 |c 20930  |d 20930